[Event "V Weekend A"]
[Site "Ceriano Laghetto ITA"]
[Date "1996.??.??"]
[Round "3"]
[White "Barlocco, Carlo"]
[Black "Rossi, Giampiero"]
[Result "1-0"]
[WhiteElo "2170"]
[BlackElo "2130"]
[PlyCount "87"]
[EventDate "1996.??.??"]

1. e4 c5 2. Nf3 e6 3. d4 cxd4 4. Nxd4 a6 5. Bd3 Nc6 6. Nxc6 dxc6 7. O-O e5 8.
a4 Nf6 9. a5 Bd6 10. Nd2 Qe7 11. Nc4 Bc7 12. b3 Be6 13. Ba3 Qd8 14. Qf3 Nd7 15.
Qg3 Qf6 16. Nd6+ Bxd6 17. Bxd6 g5 18. Bb4 Qf4 19. Rad1 Qxg3 20. hxg3 c5 21. Bd2
f6 22. f4 h6 23. Bc3 Ke7 24. Bc4 gxf4 25. gxf4 exf4 26. Rxf4 Rhg8 27. Bxe6 Kxe6
28. Rf5 Rg5 29. Rfd5 Rxd5 30. exd5+ Kf7 31. Re1 Re8 32. Rxe8 Kxe8 33. Bd2 h5
34. Kf2 Kf7 35. Kf3 Kg6 36. Ke4 f5+ 37. Kf4 Kf6 38. c4 Kg6 39. b4 cxb4 40. Bxb4
b6 41. Ke3 bxa5 42. Bxa5 Kg5 43. Kd4 Kg4 44. c5 1-0

[Event "V Weekend A"]
[Site "Ceriano Laghetto ITA"]
[Date "1996.??.??"]
[Round "3"]
[White "Bonetti, Marco"]
[Black "Cazzaniga, Walter"]
[Result "0-1"]
[WhiteElo "1881"]
[BlackElo "2190"]
[PlyCount "92"]
[EventDate "1996.??.??"]

1. e4 c5 2. Nf3 d6 3. d3 Nc6 4. g3 g6 5. Bg2 Bg7 6. O-O e6 7. Nbd2 Nge7 8. c3
O-O 9. Re1 b5 10. Nf1 Rb8 11. d4 b4 12. Bf4 bxc3 13. bxc3 cxd4 14. cxd4 e5 15.
dxe5 dxe5 16. Bg5 f6 17. Be3 Qa5 18. Qc1 Be6 19. Re2 Rfc8 20. Rc2 Nb4 21. Rc5
Rxc5 22. Qxc5 Qxc5 23. Bxc5 Nec6 24. a3 Nd3 25. Be3 Bf8 26. N1d2 a5 27. Bf1 Rd8
28. Kg2 a4 29. h4 Nb2 30. Rc1 Nd4 31. Bxd4 exd4 32. Rc6 Kf7 33. e5 Bxa3 34.
exf6 Kxf6 35. Ng5 Rd6 36. Rc7 Rd7 37. Rc6 Bd6 38. Nde4+ Ke7 39. Rb6 Bb3 40. Bb5
Bc7 41. Rb7 Bd5 42. Ra7 h6 43. Bxd7 Kxd7 44. Nh7 Bxe4+ 45. f3 Bc6 46. Kf2 Kc8
0-1

[Event "V Weekend A"]
[Site "Ceriano Laghetto ITA"]
[Date "1996.??.??"]
[Round "3"]
[White "Cappello, Guido"]
[Black "Vismara, Daniele"]
[Result "1/2-1/2"]
[WhiteElo "2195"]
[BlackElo "2235"]
[PlyCount "90"]
[EventDate "1996.??.??"]

1. e4 c5 2. Nf3 d6 3. d4 cxd4 4. Nxd4 Nf6 5. Nc3 g6 6. Be2 Bg7 7. h4 h5 8. f3
Nc6 9. Be3 O-O 10. Qd2 d5 11. O-O-O Nxd4 12. Bxd4 dxe4 13. fxe4 Be6 14. Kb1 Qa5
15. Bxf6 exf6 16. Nd5 Qc5 17. Qc3 Qxc3 18. Nxc3 f5 19. exf5 Bxf5 20. Nd5 Rfe8
21. Bb5 Rac8 22. Nc3 Re7 23. Bd3 Bxd3 24. Rxd3 Rec7 25. Nd5 Rxc2 26. Ne7+ Kf8
27. Nxc8 Rxc8 28. Rhd1 Bf6 29. g3 Ke8 30. Rf1 Be5 31. Re3 Rc5 32. Rf2 Ke7 33.
b4 Rd5 34. Kc2 Ke6 35. a4 Rd4 36. Kb3 f6 37. Rf4 Kd5 38. Rf2 Rd1 39. Kc2 Rd4
40. Kb3 f5 41. Rc2 Bd6 42. b5 Rb4+ 43. Kc3 Rc4+ 44. Kb3 Rb4+ 45. Kc3 Rc4+
1/2-1/2

[Event "V Weekend A"]
[Site "Ceriano Laghetto ITA"]
[Date "1996.??.??"]
[Round "3"]
[White "Nurkic, Sahbaz"]
[Black "Marinescu, Marian"]
[Result "1-0"]
[WhiteElo "2365"]
[BlackElo "2140"]
[PlyCount "77"]
[EventDate "1996.??.??"]

1. e4 c5 2. c3 Nf6 3. e5 Nd5 4. d4 cxd4 5. Nf3 e6 6. Qxd4 Nc6 7. Qg4 f5 8. Qg3
a6 9. Bc4 Nde7 10. h4 Qc7 11. h5 b5 12. Bb3 Bb7 13. Bf4 Na5 14. Nbd2 Bd5 15.
Rh4 Rg8 16. Bg5 Bxb3 17. axb3 Nd5 18. b4 Nc6 19. Kf1 d6 20. c4 Ndxb4 21. cxb5
Nc2 22. Rc1 Nxe5 23. Nxe5 Ne3+ 24. fxe3 Qxc1+ 25. Ke2 dxe5 26. Qxe5 Qc8 27. Rc4
Qd7 28. Rc6 Bd6 29. Rxd6 Qxb5+ 30. Qxb5+ axb5 31. Rxe6+ Kd7 32. Re5 h6 33. Bf4
Kc6 34. Nf3 g5 35. hxg6 Rxg6 36. g3 b4 37. Nd4+ Kb7 38. b3 Raa6 39. Rxf5 1-0

[Event "V Weekend A"]
[Site "Ceriano Laghetto ITA"]
[Date "1996.??.??"]
[Round "4"]
[White "Cappello, Guido"]
[Black "Nurkic, Sahbaz"]
[Result "0-1"]
[WhiteElo "2195"]
[BlackElo "2365"]
[PlyCount "88"]
[EventDate "1996.??.??"]

1. d4 g6 2. c4 Bg7 3. Nc3 d6 4. e4 Nc6 5. Be3 e5 6. Nge2 Nh6 7. d5 Ne7 8. f3 f5
9. Qd2 Nf7 10. O-O-O O-O 11. Kb1 fxe4 12. fxe4 c5 13. Nc1 Kh8 14. Be2 Ng8 15.
Rdf1 a6 16. h3 Bd7 17. Bg4 b5 18. Be6 Qe7 19. h4 Bxe6 20. dxe6 Qxe6 21. h5 Nfh6
22. Rxf8 Rxf8 23. cxb5 axb5 24. Nxb5 Ng4 25. Re1 Nxe3 26. Qxe3 Rd8 27. Qb3 c4
28. Qf3 gxh5 29. Qxh5 Nf6 30. Qf3 Rd7 31. Nc3 Rf7 32. Rf1 Rd7 33. Qe2 Rd8 34.
a4 d5 35. Rxf6 Qxf6 36. Nxd5 Qc6 37. Nc3 Qc5 38. Nd5 Rf8 39. Qh5 Qd4 40. Nc3
Rb8 41. Qf3 Qd2 42. Nb5 Qb4 43. Qc3 Qxa4 44. Nd6 Qc6 0-1

[Event "V Weekend A"]
[Site "Ceriano Laghetto ITA"]
[Date "1996.??.??"]
[Round "4"]
[White "Marinescu, Marian"]
[Black "Barlocco, Carlo"]
[Result "1-0"]
[WhiteElo "2140"]
[BlackElo "2170"]
[PlyCount "111"]
[EventDate "1996.??.??"]

1. e4 e6 2. d3 c5 3. Nf3 Nc6 4. g3 g6 5. d4 d6 6. dxc5 dxc5 7. Qxd8+ Kxd8 8.
Be3 Bg7 9. c3 Nf6 10. Nbd2 b6 11. h3 Bb7 12. Bg2 Ke7 13. O-O Rad8 14. e5 Nd5
15. Bg5+ f6 16. exf6+ Bxf6 17. Bxf6+ Nxf6 18. Rfe1 Rhe8 19. Nc4 Kf8 20. Rad1
Rxd1 21. Rxd1 Rd8 22. Re1 b5 23. Rxe6 Rd1+ 24. Kh2 bxc4 25. Rxf6+ Ke7 26. Rf4
Na5 27. Ne5 Bxg2 28. Kxg2 Rd2 29. Rf7+ Ke6 30. Rxa7 Kxe5 31. Rxa5 Rxb2 32.
Rxc5+ Kf6 33. Rxc4 Rxa2 34. Kf3 h5 35. h4 Rc2 36. Ke3 Kf5 37. Rf4+ Ke5 38. Kd3
Rc1 39. Rf8 Rd1+ 40. Kc4 Rd6 41. Kb5 Rd5+ 42. Kb4 Rd6 43. c4 Kd4 44. Kb5 Re6
45. Rf4+ Ke5 46. c5 Re8 47. Rf3 Rb8+ 48. Kc6 Rc8+ 49. Kb6 Rb8+ 50. Kc7 Rb2 51.
c6 Rc2 52. Kd7 Rd2+ 53. Kc8 Rc2 54. c7 Ke6 55. Re3+ Kf7 56. Rb3 1-0

[Event "V Weekend A"]
[Site "Ceriano Laghetto ITA"]
[Date "1996.??.??"]
[Round "4"]
[White "Rossi, Giampiero"]
[Black "Bonetti, Marco"]
[Result "1-0"]
[WhiteElo "2130"]
[BlackElo "1881"]
[PlyCount "128"]
[EventDate "1996.??.??"]

1. d4 Nf6 2. c4 e6 3. Nc3 Bb4 4. Qc2 d5 5. cxd5 exd5 6. Bg5 h6 7. Bxf6 Qxf6 8.
a3 Bxc3+ 9. Qxc3 O-O 10. e3 c6 11. Nf3 Bf5 12. Be2 Nd7 13. Rc1 a5 14. O-O Qd6
15. Rfe1 Nf6 16. Nd2 Rfe8 17. Qc5 Qe6 18. Qb6 Qc8 19. Nb1 Bxb1 20. Rxb1 Ne4 21.
Bd3 f5 22. Bxe4 fxe4 23. b4 axb4 24. Rxb4 Rxa3 25. Qxb7 Qxb7 26. Rxb7 Rc3 27.
Ra1 Rf8 28. h3 Rc2 29. Raa7 Rfxf2 30. Rxg7+ Kf8 31. Rg3 Rf6 32. Rc7 Rf7 33.
Rc8+ Ke7 34. Rg6 Re2 35. Rcxc6 Rxe3 36. Rc7+ Kf8 37. Rxf7+ Kxf7 38. Rd6 Rd3 39.
Rxd5 Rd2 40. Kf1 e3 41. Re5 Rxd4 42. Rxe3 Kg6 43. Kf2 Kf5 44. Kf3 Rf4+ 45. Kg3
Rb4 46. h4 Rg4+ 47. Kh3 Rb4 48. g3 Rb1 49. Ra3 Rb5 50. Ra6 h5 51. Rh6 Ke4 52.
Rg6 Kf3 53. Rf6+ Ke4 54. Rf4+ Ke5 55. Rf8 Ke6 56. Rf3 Ke7 57. Rf4 Ke6 58. Kg2
Ke5 59. Rf8 Ke6 60. Re8+ Kf6 61. Kf3 Kf7 62. Re4 Kg6 63. Kf4 Rf5+ 64. Ke3 64...
Rf6 $139 1-0

[Event "V Weekend A"]
[Site "Ceriano Laghetto ITA"]
[Date "1996.??.??"]
[Round "4"]
[White "Vismara, Daniele"]
[Black "Cazzaniga, Walter"]
[Result "1-0"]
[WhiteElo "2235"]
[BlackElo "2190"]
[PlyCount "113"]
[EventDate "1996.??.??"]

1. e4 e6 2. d4 d5 3. e5 c5 4. c3 Nc6 5. Nf3 Qb6 6. a3 c4 7. Nbd2 Bd7 8. g3 f6
9. exf6 Nxf6 10. Bh3 Bd6 11. Qe2 O-O-O 12. Ne5 Bxe5 13. dxe5 Ne8 14. Nf3 h6 15.
O-O g5 16. Ne1 Kb8 17. Be3 d4 18. cxd4 Nxd4 19. Bxd4 Qxd4 20. Nc2 Qd3 21. Qxd3
cxd3 22. Nd4 Nc7 23. Nb3 Bc6 24. Bg2 Bxg2 25. Kxg2 g4 26. Rad1 Rd5 27. Rd2 Na6
28. Re1 b6 29. Re3 Rhd8 30. Nc1 Nc5 31. b4 Nd7 32. Rdxd3 Nxe5 33. Rxe5 Rxd3 34.
Nxd3 Rxd3 35. Rxe6 Rxa3 36. Rxh6 Rb3 37. h4 gxh3+ 38. Kxh3 Rxb4 39. Rh8+ Kb7
40. Rh7+ Ka6 41. g4 Rb1 42. Kg2 Rb4 43. Kg3 b5 44. g5 Rb1 45. f4 b4 46. f5 b3
47. Rh2 Kb5 48. f6 Rg1+ 49. Kf4 a5 50. Rf2 Kc4 51. Ke4 Re1+ 52. Kf5 Re8 53. f7
Rf8 54. g6 a4 55. Kg5 a3 56. g7 Rxf7 57. g8=Q 1-0

[Event "V Weekend A"]
[Site "Ceriano Laghetto ITA"]
[Date "1996.??.??"]
[Round "5"]
[White "Barlocco, Carlo"]
[Black "Cappello, Guido"]
[Result "1-0"]
[WhiteElo "2170"]
[BlackElo "2195"]
[PlyCount "113"]
[EventDate "1996.??.??"]

1. e4 e5 2. Nf3 Nc6 3. Nc3 Nf6 4. Bb5 Nd4 5. Ba4 Bc5 6. Nxe5 O-O 7. Nd3 Bb6 8.
e5 Ne8 9. Nd5 d6 10. Ne3 dxe5 11. Nxe5 c6 12. c3 Nf5 13. d4 Ned6 14. Bc2 f6 15.
N5c4 Nxe3 16. Nxe3 f5 17. g3 f4 18. Ng4 Be6 19. Bxf4 Rxf4 20. gxf4 Qh4 21. Ne5
Rf8 22. Bb3 Bxb3 23. Qxb3+ Kh8 24. O-O-O Qxf4+ 25. Kb1 Ne4 26. Qc2 Bc7 27. f3
Nf6 28. Rde1 Nd5 29. Qe4 Qd2 30. Re2 Qf4 31. Qxf4 Nxf4 32. Re4 g6 33. Kc2 Kg7
34. Rhe1 Bd8 35. Nd7 Rf7 36. Nc5 Bh4 37. Rg1 Nh3 38. Rg2 Be7 39. Ne6+ Kf6 40.
Rg3 Nf2 41. Re2 Bd6 42. f4 Re7 43. Rxf2 Rxe6 44. Kd2 Re4 45. Kd3 Re1 46. Rh3 h5
47. Rg3 c5 48. dxc5 h4 49. Rg4 Bxc5 50. Rfg2 Be7 51. Rxh4 Kf5 52. Rhg4 Re6 53.
h3 Rd6+ 54. Kc2 Re6 55. Rd2 Bd6 56. Rd5+ Kf6 57. Rxg6+ 1-0

[Event "V Weekend A"]
[Site "Ceriano Laghetto ITA"]
[Date "1996.??.??"]
[Round "5"]
[White "Bonetti, Marco"]
[Black "Marinescu, Marian"]
[Result "1/2-1/2"]
[WhiteElo "1881"]
[BlackElo "2140"]
[PlyCount "78"]
[EventDate "1996.??.??"]

1. e4 c6 2. d4 d5 3. exd5 cxd5 4. c4 Nf6 5. Nc3 e6 6. Bg5 Bb4 7. cxd5 Bxc3+ 8.
bxc3 Qa5 9. Ne2 Ne4 10. Bd2 exd5 11. g3 Nd7 12. Bg2 Ndf6 13. c4 Qxd2+ 14. Qxd2
Nxd2 15. Kxd2 dxc4 16. Rhc1 O-O 17. Rxc4 Rd8 18. Rb1 Rb8 19. Ra4 a6 20. Rxa6
Bh3 21. Bxb7 Bf5 22. Rb3 Be6 23. Rxe6 fxe6 24. f3 e5 25. Ke3 exd4+ 26. Nxd4 Kf7
27. Be4 Nxe4 28. Kxe4 Rxb3 29. axb3 Rb8 30. Kd3 Rb6 31. Kc4 Rh6 32. h4 Rf6 33.
b4 Ke7 34. Kc5 Kd7 35. h5 g6 36. hxg6 Rxg6 37. g4 Rg5+ 38. Kc4 Re5 39. Kd3 Re1
1/2-1/2

[Event "V Weekend A"]
[Site "Ceriano Laghetto ITA"]
[Date "1996.??.??"]
[Round "5"]
[White "Cazzaniga, Walter"]
[Black "Rossi, Giampiero"]
[Result "1/2-1/2"]
[WhiteElo "2190"]
[BlackElo "2130"]
[PlyCount "72"]
[EventDate "1996.??.??"]

1. d4 d5 2. c4 e6 3. Nc3 Nf6 4. Bg5 Nbd7 5. cxd5 exd5 6. e3 c6 7. Nf3 Be7 8.
Bd3 Ne4 9. Bxe7 Qxe7 10. Qc2 Ndf6 11. Bxe4 Nxe4 12. Nxe4 dxe4 13. Nd2 Bf5 14.
O-O O-O 15. f4 Rfe8 16. Rab1 Be6 17. b4 Bd5 18. Rfc1 a6 19. a4 f5 20. Rb2 g6
21. Qb1 Rac8 22. Rbc2 Ra8 23. Nc4 Bxc4 24. Rxc4 Red8 25. b5 axb5 26. axb5 Ra3
27. bxc6 bxc6 28. R4c3 Rda8 29. h3 Qa7 30. Qb4 Rxc3 31. Rxc3 Qa1+ 32. Kh2 Qe1
33. Qb3+ Kg7 34. Rxc6 Ra1 35. Rc7+ Kh6 36. Rxh7+ Kxh7 1/2-1/2

[Event "V Weekend A"]
[Site "Ceriano Laghetto ITA"]
[Date "1996.??.??"]
[Round "5"]
[White "Nurkic, Sahbaz"]
[Black "Vismara, Daniele"]
[Result "1-0"]
[WhiteElo "2365"]
[BlackElo "2235"]
[PlyCount "69"]
[EventDate "1996.??.??"]

1. e4 c5 2. c3 Nf6 3. e5 Nd5 4. d4 cxd4 5. Nf3 e6 6. cxd4 b6 7. Nc3 Nxc3 8.
bxc3 Qc7 9. Bd2 Bb7 10. Bd3 d6 11. O-O Nd7 12. Re1 dxe5 13. dxe5 Be7 14. Ng5 h6
15. Qh5 Bxg5 16. Bxg5 Rf8 17. Bh4 g5 18. Bg3 Rh8 19. Rad1 Nc5 20. Bb5+ Bc6 21.
Qf3 Rc8 22. Qf6 Rh7 23. Bxc6+ Qxc6 24. Rd6 Qc7 25. Qf3 Rd8 26. Red1 Rxd6 27.
exd6 Qd8 28. Qc6+ Nd7 29. Qc7 Qb8 30. h4 Rh8 31. Qc6 Qd8 32. Rd4 f6 33. Rc4 Kf7
34. Qb7 e5 35. Qd5+ 1-0

[Event "V Weekend A"]
[Site "Ceriano Laghetto ITA"]
[Date "1996.??.??"]
[Round "6"]
[White "Cappello, Guido"]
[Black "Bonetti, Marco"]
[Result "1-0"]
[WhiteElo "2195"]
[BlackElo "1881"]
[PlyCount "55"]
[EventDate "1996.??.??"]

1. e4 Nf6 2. e5 Nd5 3. g3 d6 4. exd6 Qxd6 5. Bg2 Nc6 6. Ne2 Bf5 7. Nbc3 Nxc3 8.
bxc3 e5 9. O-O Be7 10. Rb1 Rb8 11. d4 O-O 12. Rb5 a6 13. Rd5 Qg6 14. dxe5 Bxc2
15. Qd2 Ba4 16. Qf4 Bc2 17. Qe3 h6 18. Nf4 Qh7 19. e6 fxe6 20. Nxe6 Rfe8 21.
Nxc7 Bg5 22. Qc5 Be7 23. Qc4 Bg6 24. Nxe8 Rxe8 25. Rd8+ Kf8 26. Qf4+ Bf7 27.
Rxe8+ Kxe8 28. Bxc6+ 1-0

[Event "V Weekend A"]
[Site "Ceriano Laghetto ITA"]
[Date "1996.??.??"]
[Round "6"]
[White "Marinescu, Marian"]
[Black "Cazzaniga, Walter"]
[Result "1/2-1/2"]
[WhiteElo "2140"]
[BlackElo "2190"]
[PlyCount "76"]
[EventDate "1996.??.??"]

1. e4 Nf6 2. e5 Nd5 3. d4 d6 4. Bc4 Nb6 5. Bb3 d5 6. Qf3 Nc6 7. c3 h5 8. h3 Be6
9. Ne2 Qd7 10. Nf4 Bg4 11. e6 Bxe6 12. Nxh5 f6 13. Bc2 Bf7 14. Nf4 O-O-O 15.
Ng6 Bxg6 16. Bxg6 Kb8 17. O-O e5 18. dxe5 Nxe5 19. Qf5 Nxg6 20. Qxg6 Bd6 21. b3
Nc8 22. Na3 Ne7 23. Qd3 c6 24. Nc2 Bc7 25. Nd4 g5 26. f4 g4 27. f5 gxh3 28. g3
Bxg3 29. Qxg3+ Ka8 30. Kh1 c5 31. Ne6 Rdg8 32. Qc7 Nxf5 33. Qxd7 Ng3+ 34. Kg1
h2+ 35. Kf2 Ne4+ 36. Ke1 Rg1 37. Nc7+ Kb8 38. Na6+ Ka8 1/2-1/2

[Event "V Weekend A"]
[Site "Ceriano Laghetto ITA"]
[Date "1996.??.??"]
[Round "6"]
[White "Nurkic, Sahbaz"]
[Black "Barlocco, Carlo"]
[Result "1-0"]
[WhiteElo "2365"]
[BlackElo "2170"]
[PlyCount "79"]
[EventDate "1996.??.??"]

1. e4 c5 2. c3 d5 3. exd5 Qxd5 4. d4 cxd4 5. cxd4 Nc6 6. Nf3 Bg4 7. Be2 Rd8 8.
Nc3 Qa5 9. Be3 e5 10. Nxe5 Nxe5 11. Bxg4 Nf6 12. Be2 Bb4 13. O-O O-O 14. Qb3
Neg4 15. Bxg4 Nxg4 16. h3 Nf6 17. a3 Bxc3 18. bxc3 b5 19. a4 Rc8 20. axb5 Qxc3
21. Qxc3 Rxc3 22. Rxa7 Rb3 23. Rb7 Nd5 24. Ra1 h6 25. Raa7 g5 26. Kh2 Kg7 27.
Bc1 Rc8 28. Ba3 Kg6 29. Bc5 f5 30. Ra6+ Kh5 31. Rh7 g4 32. Rhxh6+ Kg5 33. h4+
Kf4 34. Rae6 Rxc5 35. dxc5 Rb2 36. Rd6 Nc3 37. Rd4+ Ne4 38. Rxe4+ Kxe4 39. b6
f4 40. c6 1-0

[Event "V Weekend A"]
[Site "Ceriano Laghetto ITA"]
[Date "1996.??.??"]
[Round "6"]
[White "Vismara, Daniele"]
[Black "Rossi, Giampiero"]
[Result "1/2-1/2"]
[WhiteElo "2235"]
[BlackElo "2130"]
[PlyCount "67"]
[EventDate "1996.??.??"]

1. e4 c5 2. Nf3 e6 3. d4 cxd4 4. Nxd4 a6 5. c4 Nf6 6. Nc3 Qc7 7. Bd3 Nc6 8.
Nxc6 dxc6 9. O-O e5 10. f4 Bc5+ 11. Kh1 Ng4 12. Qe1 Qe7 13. h3 h5 14. b4 Bd4
15. Rb1 exf4 16. Ne2 Ne5 17. Rb3 Nxd3 18. Rxd3 Be5 19. Bxf4 O-O 20. Qg3 Bxf4
21. Nxf4 h4 22. Qf2 Be6 23. Rfd1 Rad8 24. c5 Rxd3 25. Rxd3 Rd8 26. Rxd8+ Qxd8
27. Nxe6 fxe6 28. Qf4 Qf6 29. Qxf6 gxf6 30. g3 hxg3 31. Kg2 Kg7 32. Kxg3 Kg6
33. Kg4 Kh6 34. Kh4 1/2-1/2

[Event "V Weekend A"]
[Site "Ceriano Laghetto ITA"]
[Date "1996.??.??"]
[Round "7"]
[White "Barlocco, Carlo"]
[Black "Vismara, Daniele"]
[Result "0-1"]
[WhiteElo "2170"]
[BlackElo "2235"]
[PlyCount "64"]
[EventDate "1996.??.??"]

1. e4 c5 2. Nf3 d6 3. d4 cxd4 4. Qxd4 a6 5. Bg5 h6 6. Bh4 Nc6 7. Qd2 g5 8. Bg3
Bg7 9. Nc3 Nf6 10. Bc4 b5 11. Bb3 Bb7 12. O-O-O Qa5 13. Rhe1 O-O 14. Qe2 Nd7
15. Nd5 Nc5 16. Kb1 e6 17. Bxd6 Nxb3 18. Bc7 exd5 19. Bxa5 Nbxa5 20. exd5 Na7
21. b3 Bc3 22. Qe7 Rac8 23. Rd3 b4 24. Nxg5 Nb5 25. Qe4 hxg5 26. Rh3 f5 27.
Qe6+ Rf7 28. Qg6+ Rg7 29. Qe6+ Rf7 30. Rd3 Bg7 31. c4 bxc3 32. Qb6 c2+ 0-1

[Event "V Weekend A"]
[Site "Ceriano Laghetto ITA"]
[Date "1996.??.??"]
[Round "7"]
[White "Cazzaniga, Walter"]
[Black "Cappello, Guido"]
[Result "0-1"]
[WhiteElo "2190"]
[BlackElo "2195"]
[PlyCount "54"]
[EventDate "1996.??.??"]

1. d4 d5 2. Nf3 c5 3. e3 Nf6 4. c4 e6 5. Nc3 Be7 6. Bd3 cxd4 7. exd4 dxc4 8.
Bxc4 O-O 9. O-O Nc6 10. Re1 Nb4 11. Bg5 a6 12. Qe2 h6 13. Bh4 Nbd5 14. Nxd5
Nxd5 15. Bxe7 Nxe7 16. Rad1 Nd5 17. Qe4 Nf6 18. Qh4 b5 19. Bb3 Bb7 20. Ne5 Bd5
21. Bxd5 Qxd5 22. Rd3 Rac8 23. g4 Rc2 24. g5 hxg5 25. Qxg5 Ne4 26. Qh4 Nxf2 27.
Rg3 Qh1# 0-1

[Event "V Weekend A"]
[Site "Ceriano Laghetto ITA"]
[Date "1996.??.??"]
[Round "7"]
[White "Rossi, Giampiero"]
[Black "Marinescu, Marian"]
[Result "0-1"]
[WhiteElo "2130"]
[BlackElo "2140"]
[PlyCount "104"]
[EventDate "1996.??.??"]

1. d4 Nf6 2. c4 g6 3. g3 Bg7 4. Bg2 c5 5. Nf3 Nc6 6. O-O cxd4 7. Nxd4 O-O 8.
Nc3 Ng4 9. e3 d6 10. Nxc6 bxc6 11. Bxc6 Rb8 12. Bg2 Ne5 13. Qa4 Bd7 14. Qxa7
Nxc4 15. Bd5 Nxb2 16. Bxb2 Rxb2 17. Rac1 Bh3 18. Rfe1 e6 19. Qa3 Rd2 20. Bh1 d5
21. Red1 Rxd1+ 22. Nxd1 Qb6 23. f3 h5 24. Nf2 Bf5 25. g4 hxg4 26. fxg4 Bb1 27.
Bf3 Rb8 28. Bd1 Bb2 29. Rxb1 Bxa3 30. Rxb6 Rxb6 31. Bb3 Kg7 32. Nd3 g5 33. Kf2
Rb8 34. h3 Rc8 35. Ke2 Kf6 36. Kf3 Ke7 37. Ke2 Rh8 38. Nf2 Bc5 39. Kf3 Kd6 40.
Ke2 Bb4 41. Nd3 Ba5 42. Nf2 Bb6 43. Kf3 e5 44. Ke2 e4 45. Kd2 Rh6 46. Bd1 Kc5
47. Ke2 Rf6 48. Bb3 Rf3 49. Nd1 Kd6 50. Nc3 Rxe3+ 51. Kd2 Rd3+ 52. Kc2 Ba5 0-1

[Event "V Weekend A"]
[Site "Ceriano Laghetto ITA"]
[Date "1996.??.??"]
[Round "8"]
[White "Marinescu, Marian"]
[Black "Nurkic, Sahbaz"]
[Result "0-1"]
[WhiteElo "2140"]
[BlackElo "2365"]
[PlyCount "26"]
[EventDate "1996.??.??"]

1. e4 g6 2. d4 Bg7 3. Bc4 c6 4. Qf3 e6 5. d5 d6 6. dxe6 fxe6 7. Ne2 d5 8. exd5
exd5 9. Bd3 Nf6 10. O-O O-O 11. Qg3 Nh5 12. Qe3 Re8 13. Qf3 Nd7 0-1

[Event "V Weekend A"]
[Site "Ceriano Laghetto ITA"]
[Date "1996.??.??"]
[Round "8"]
[White "Rossi, Giampiero"]
[Black "Barlocco, Carlo"]
[Result "0-1"]
[WhiteElo "2130"]
[BlackElo "2170"]
[PlyCount "110"]
[EventDate "1996.??.??"]

1. d4 d5 2. c4 c6 3. cxd5 cxd5 4. Nc3 Nf6 5. Nf3 Nc6 6. Bf4 e6 7. e3 Be7 8. Bd3
O-O 9. O-O Nh5 10. Be5 f6 11. Ng5 fxe5 12. Qxh5 h6 13. Qg6 Bxg5 14. Qh7+ Kf7
15. Bg6+ Kf6 16. dxe5+ Kxe5 17. f4+ Kd6 18. fxg5 Rxf1+ 19. Rxf1 Qxg5 20. Qxg7
Ne7 21. Qf8 b6 22. Qd8+ Bd7 23. Qxa8 Qxe3+ 24. Kh1 Nxg6 25. Qb8+ Ke7 26. Qxa7
d4 27. Qxb6 Qe5 28. Qb4+ Qd6 29. Qxd6+ Kxd6 30. Ne4+ Ke5 31. Nc5 Bc8 32. Rf7
Kd6 33. b4 Ne5 34. Rf8 Bd7 35. Kg1 Nc6 36. a3 e5 37. Kf2 Bg4 38. h3 Bd1 39.
Rf6+ Kd5 40. Rxh6 Bc2 41. g4 e4 42. g5 Ne5 43. Rh8 e3+ 44. Ke2 Ng6 45. Rd8+ Ke5
46. Re8+ Kf5 47. Ne6 Ke4 48. Nf8+ Ne5 49. Rxe5+ Kxe5 50. Nd7+ Kd5 51. h4 Bf5
52. Nb6+ Ke4 53. Nc4 d3+ 54. Ke1 Kd4 55. Nd2 Kc3 0-1

[Event "V Weekend A"]
[Site "Ceriano Laghetto ITA"]
[Date "1996.??.??"]
[Round "8"]
[White "Vismara, Daniele"]
[Black "Cappello, Guido"]
[Result "0-1"]
[WhiteElo "2235"]
[BlackElo "2195"]
[PlyCount "66"]
[EventDate "1996.??.??"]

1. e4 e5 2. Nf3 Nc6 3. Nc3 Nf6 4. d4 exd4 5. Nxd4 d6 6. Nxc6 bxc6 7. Bd3 Rb8 8.
O-O Ng4 9. f3 Ne5 10. f4 Nxd3 11. Qxd3 Be7 12. b3 O-O 13. Bb2 Re8 14. Rae1 Bf8
15. Nb1 d5 16. exd5 cxd5 17. Nd2 Rb6 18. c4 Ba6 19. Qc2 Rh6 20. Re5 Bc5+ 21.
Rf2 Bxf2+ 22. Kxf2 Rxe5 23. Bxe5 dxc4 24. bxc4 Rc6 25. Ba1 f6 26. Kg1 Qd6 27.
g3 Qc5+ 28. Kg2 Qd5+ 29. Kg1 Bxc4 30. Nxc4 Rxc4 31. Qb1 a5 32. Bxf6 Qc5+ 33.
Kg2 Qc6+ 0-1

[Event "C.to Provinciale FR"]
[Site "Frosinone ITA"]
[Date "1996.??.??"]
[Round "?"]
[White "Cristofari, Massimo"]
[Black "Cristofari, Mario"]
[Result "1-0"]
[WhiteElo "1704"]
[BlackElo "1746"]
[PlyCount "53"]
[EventDate "1996.??.??"]

1. e4 e5 2. Bc4 Nc6 3. Nc3 Nf6 4. f4 Bc5 5. fxe5 Nxe5 6. Bb3 Nc6 7. Nf3 Qe7 8.
d3 d6 9. Bg5 Be6 10. d4 Bxb3 11. axb3 Bb4 12. O-O Bxc3 13. bxc3 h6 14. Bxf6
gxf6 15. Nh4 Rg8 16. Qf3 O-O-O 17. Nf5 Qd7 18. Qd3 Rg6 19. d5 Ne5 20. Rxa7 c5
21. Qe2 Rdg8 22. g3 Kb8 23. Rfa1 h5 24. Ra8+ Kc7 25. R8a7 h4 26. Qa6 Qc8 27.
Qxd6# 1-0

[Event "VIII Festival B"]
[Site "Lucca ITA"]
[Date "1996.10.??"]
[Round "?"]
[White "Cecconi, Eliano"]
[Black "Colonnata, Elio"]
[WhiteElo "1703"]
[BlackElo "1675"]
[Result "1-0"]
[PlyCount "77"]
[EventDate "1996.10.??"]

1. e4 c5 2. Nf3 d6 3. d4 cxd4 4. Nxd4 Nf6 5. Nc3 g6 6. Be3 Bg7 7. f3 O-O 8. Qd2
Nc6 9. O-O-O Bd7 10. g4 Nxd4 11. Bxd4 Be6 12. h4 h5 13. gxh5 Nxh5 14. Bxg7 Kxg7
15. Rg1 Qa5 16. Rg5 Qb6 17. Rxh5 gxh5 18. Qg5+ Kh7 19. Qxh5+ Kg7 20. Qg5+ Kh7
21. Bd3 f5 22. Rg1 Qxg1+ 23. Qxg1 Rg8 24. Qe3 Raf8 25. exf5 Bxf5 26. Ne4 e5 27.
Ng5+ Kg6 28. Ne6 Rf6 29. Ng5 Kh5 30. Bxf5 Rxf5 31. Qe4 Kg6 32. Qxb7 Rh8 33. Qe4
Kf6 34. Qg4 Rf4 35. Qe6+ Kg7 36. Qe7+ Kg6 37. Ne6 Rfxh4 38. Qg7+ Kf5 39. Qf7#
1-0

[Event "VIII Festival B"]
[Site "Lucca ITA"]
[Date "1996.10.??"]
[Round "?"]
[White "Paoli, Walter"]
[Black "Tagliagambe, Stefano"]
[WhiteElo "1828"]
[BlackElo "1768"]
[Result "0-1"]
[PlyCount "72"]
[EventDate "1996.10.??"]

1. e4 c5 2. c3 Nf6 3. e5 Nd5 4. d4 cxd4 5. Nf3 e6 6. cxd4 b6 7. Bg5 Be7 8. Bxe7
Qxe7 9. Bd3 Ba6 10. O-O O-O 11. a3 Bxd3 12. Qxd3 Nc6 13. Nbd2 f6 14. Rfe1 fxe5
15. dxe5 Rf5 16. Nc4 Raf8 17. Ne3 Rxf3 18. gxf3 Nf4 19. Qf1 Nxe5 20. Kh1 Nxf3
21. Ng2 Qd6 22. Red1 Nd3 23. Nf4 Qxf4 24. Qg2 Nde5 25. Rac1 Nh4 26. Qg3 Qxf2
27. Qxf2 Rxf2 28. Rf1 Rxf1+ 29. Rxf1 Nhf3 30. Rc1 d5 31. Rc8+ Kf7 32. Rc7+ Kf6
33. Rxa7 d4 34. Kg2 d3 35. Kf2 d2 36. Ke2 36... Nc4 {...} 0-1

[Event "VIII Festival B"]
[Site "Lucca ITA"]
[Date "1996.10.??"]
[Round "?"]
[White "Paolinelli, Andrea"]
[Black "Cecconi, Eliano"]
[WhiteElo "1741"]
[BlackElo "1703"]
[Result "1-0"]
[PlyCount "101"]
[EventDate "1996.10.??"]

1. e4 e5 2. d4 exd4 3. Qxd4 Nc6 4. Qe3 Nf6 5. Nc3 Bb4 6. Bd2 O-O 7. O-O-O d6 8.
Qg3 Qd7 9. h3 Ne5 10. Bd3 Qe6 11. Nge2 Nxd3+ 12. Qxd3 Bd7 13. f4 Bc6 14. Nd4
Qd7 15. Rhe1 Rad8 16. g4 d5 17. Nxc6 bxc6 18. e5 Bxc3 19. Bxc3 Ne8 20. Bb4 Rb8
21. Bxf8 Kxf8 22. Qxh7 c5 23. e6 fxe6 24. Qh8+ Kf7 25. f5 Qa4 26. fxe6+ Ke7 27.
Qg8 Qf4+ 28. Kb1 c6 29. Rf1 Rxb2+ 30. Kxb2 Qb4+ 31. Kc1 Qa3+ 32. Kd2 Qb4+ 33.
Ke2 Qe4+ 34. Kf2 Qf4+ 35. Kg2 Qe4+ 36. Kg3 Qe3+ 37. Rf3 Qe5+ 38. Kh4 Nd6 39.
Qf8+ Kxe6 40. Qg8+ Kd7 41. Rf7+ Nxf7 42. Qxf7+ Kd6 43. Rf1 c4 44. Qf4 g5+ 45.
Qxg5 Qh8+ 46. Qh5 Qc3 47. Qh6+ Kc5 48. Qf8+ Kb6 49. a3 a5 50. Rb1+ Kc7 51. Qf4+
1-0

[Event "VIII Festival B"]
[Site "Lucca ITA"]
[Date "1996.10.??"]
[Round "?"]
[White "Venturelli, Roberto"]
[Black "Cassai, Mario"]
[WhiteElo "1809"]
[BlackElo "1747"]
[Result "1-0"]
[PlyCount "53"]
[EventDate "1996.10.??"]

1. e4 c5 2. Nf3 Nc6 3. d4 cxd4 4. Nxd4 Nf6 5. Nc3 g6 6. Be3 Bg7 7. Qd2 O-O 8.
f3 d5 9. O-O-O Nxd4 10. Bxd4 dxe4 11. Qf2 Qa5 12. Bc4 exf3 13. gxf3 Be6 14.
Bxe6 fxe6 15. Rhe1 Ng4 16. Qh4 e5 17. Bg1 Nf6 18. Qg5 Rac8 19. Rxe5 Qa6 20. Bd4
Rc4 21. Rxe7 Qd6 22. Qe5 Rd8 23. Rxg7+ Kxg7 24. Qxf6+ Qxf6 25. Bxf6+ Kxf6 26.
Rxd8 Rh4 27. Rd2 1-0